{"text_format":"2","workbook":"xlsx","n_sheets":1,"sheets":["ANEXO II"],"not_rendered":{"charts":0,"images":0,"macros":0,"external_links":0,"defined_names":6,"comments":0,"pivot_tables":0},"unopened":[],"bounds":{"document_bytes":16777216,"sheet_cells":100000,"run_cost":"one","rows_first":2000,"rows_last":500,"rows_between":2000,"halvings":0,"cell_chars":16384,"cell_head_chars":4096},"cells_cut":0,"cells_raw":0,"read":"whole","date_system":"1900"}

{"sheet":"ANEXO II","index":0,"n_rows":12,"n_cols":7,"rows_kept":12,"cut":false,"hidden":false,"merged":[[0,0,0,6],[11,0,11,5]]}
["PLANILHA DE ESPECIFICAÇÕES, QUANTITATIVOS E PREÇOS ESTIMADOS"]
[]
["Item","Descrição do produto - Especificação Técnica","Unidade","Cota","Quant. \nMáxima Anual","Valor Unitário Máximo (R$)","Valor Total (R$)"]
[1,"Máquina de costura industrial interlock completa,motor 3450 rpm, bivolt, lubrificação automática, 5 fios, mesa com estante em aço e tampo de madeira com acabamento em fórmica. As entregas, montagens e aulas de manuseio dos equipamentos serão realizadas em locais a serem defindos pela Codevasf dentro da sua área de atuação no Estado de Sergipe e inteiramente custeadas pela licitante vencedora.  Com logomarca da CODEVASF silkada em local vísivel, conforme modelo no edital.Manual em Português. Assistência Técnica Autorizada no Estado de Sergipe.COTA DE 25%. Exclusivo para ME e EPP.","und.","Exclusivo para ME e EPP",15,3118,46770]
[{"$f":"A4+1","v":2},"Máquina de costura industrial interlock completa, motor 3450 rpm, bivolt, lubrificação automática, 5 fios, mesa com estante em aço e tampo de madeira com acabamento em fórmica. As entregas, montagens e aulas de manuseio dos equipamentos serão realizadas em locais a serem defindos pela Codevasf dentro da sua área de atuação no Estado de Sergipe e inteiramente custeadas pela licitante vencedora.  Com logomarca da CODEVASF silkada em local vísivel, conforme modelo no edital. Manual em Português. Assistência Técnica Autorizada no Estado de Sergipe.","und.","Principal",45,3118,140310]
[3,"Máquina de costura reta industrial completa, motor 3450 rpm, bivolt,  lubrificação automática, 01 agulha,  mesa com estante em aço e tampo de madeira com acabamento em fórmica. Assistência Técnica Autorizada no Estado de Sergipe. As entregas, montagens e aulas de manuseio dos equipamentos serão realizadas em locais a serem defindos pela Codevasf dentro da sua área de atuação no Estado de Sergipe e inteiramente custeadas pela licitante vencedora.Manual em Português.  Com logomarca da CODEVASF silkada em local vísivel, conforme modelo no edital. Assistência Técnica Autorizada no Estado de Sergipe.COTA DE 25%. Exclusivo para ME e EPP.","und.","Exclusivo para ME e EPP",15,2635,39525]
[4,"Máquina de costura reta industrial completa,motor 3450 rpm, bivolt,  lubrificação automática, 01 agulha,  mesa com estante em aço e tampo de madeira com acabamento em fórmica. Assistência Técnica Autorizada no Estado de Sergipe. As entregas, montagens e aulas de manuseio dos equipamentos serão realizadas em locais a serem defindos pela Codevasf dentro da sua área de atuação no Estado de Sergipe e inteiramente custeadas pela licitante vencedora.Manual em Português.  Com logomarca da CODEVASF silkada em local vísivel, conforme modelo no edital. Assistência Técnica Autorizada no Estado de Sergipe.","und.","Principal",45,2635,118575]
[5,"Máquina de costura industrial galoneira completa, motor 3450 rpm, bivolt, lubrificação automática,5 fios, 02 volantes, mesa com estante em aço e tampo de madeira com  acabamento em fórmica. Com aparelho de viés com as medidas 2,0. 3,0 e 3,5. . As entregas, montagens e aulas de manuseio dos equipamentos serão realizadas em locais a serem defindos pela Codevasf dentro da sua área de atuação no Estado de Sergipe e inteiramente custeadas pela licitante vencedora. Manual em Português.   Com logomarca da CODEVASF silkada em local vísivel, conforme modelo no edital. Assistência Técnica Autorizada no Estado de Sergipe.COTA DE 25%. Exclusivo para ME e EPP.","und.","Exclusivo para ME e EPP",15,3734.45,56016.75]
[6,"Máquina de costura industrial galoneira completa, motor 3450 rpm, bivolt, lubrificação automática,5 fios, 02 volantes, mesa com estante em aço e tampo de madeira com  acabamento em fórmica. Com aparelho de viés com as medidas 2,0. 3,0 e 3,5. . As entregas, montagens e aulas de manuseio dos equipamentos serão realizadas em locais a serem defindos pela Codevasf dentro da sua área de atuação no Estado de Sergipe e inteiramente custeadas pela licitante vencedora.   Com logomarca da CODEVASF silkada em local vísivel, conforme modelo no edital.Manual em Português. Assistência Técnica Autorizada no Estado de Sergipe.","und.","Principal",45,3734.45,168050.25]
[7,"Máquina de costura domésticazig zag com caseador completa, com base para instalação em mesa doméstica motor 110 ou 220 volts a depender da região de entrega. Mesa doméstica em MDF, com estante de aço com dobradiça e gaveta. Manual em Português.  Com logomarca da CODEVASF silkada em local vísivel, conforme modelo no edital. Assistência Técnica Autorizada no Estado de Sergipe.COTA DE 25%. Exclusivo para ME e EPP.","und.","Exclusivo para ME e EPP",25,1086.57,27164.25]
[8,"Máquina de costura domésticazig zag com caseador completa, com base para instalação em mesa doméstica motor 110 ou 220 volts a depender da região de entrega. Mesa doméstica em MDF, com estante de aço com dobradiça e gaveta. Manual em Português.  Com logomarca da CODEVASF silkada em local vísivel, conforme modelo no edital. Assistência Técnica Autorizada no Estado de Sergipe.","und.","Principal",75,1086.57,81492.75]
["TOTAL",{"$nulls":5},{"$f":"SUM(G4:G11)","v":677904}]